Estatísticas para Nomeie um País A-Z

Clique aqui para jogar o quiz

Estatísticas Gerais

  • Esse quiz foi jogado 31 828 vezes
  • A pontuação média é 19 de 23

Estatísticas das Respostas

LetraPaís% Correto
BBahamas | Bahrein | Bangladesh | +15
100%
AAfeganistão | África do Sul | Albânia | +11
99%
CCabo Verde | Camarões | Camboja | +15
99%
EEgito | El Salvador | Emirados Árabes Unidos | +10
97%
FFiji | Filipinas | Finlândia | França
95%
DDinamarca | Djibouti | Dominica
94%
IIémen | Ilhas Marshall | Ilhas Salomão | +8
92%
GGabão | Gâmbia | Gana | +7
91%
MMacedónia do Norte | Madagáscar | +15
88%
PPaíses Baixos | Palau | Panamá | +6
87%
JJamaica | Japão | Jordânia
86%
LLaos | Lesoto | Letónia | +6
84%
HHaiti | Honduras | Hungria
83%
NNamíbia | Nauru | Nepal | +5
83%
RReino Unido | República Checa | +6
76%
SSamoa | San Marino | Santa Lúcia | +15
73%
TTailândia | Taiwan | Tajiquistão | +9
71%
KKiribati | Kosovo | Kuweit
67%
UUcrânia | Uganda | Uruguai | Uzbequistão
67%
QQuênia | Quirguistão
66%
VVanuatu | Vaticano | Venezuela | Vietname
65%
ZZâmbia | Zimbábue
63%
OOmã
61%

Distribuição das Pontuações

Percentil de Números Respondidos

Porcentagem de Pessoas com Cada Pontuação

Sua Pontuação Histórica

Você não jogou esse quiz